000 01276nam a2200337 a 4500
001 ebr10369715
003 CaPaEBR
006 m u
007 cr cn|||||||||
008 960423s1996 enk sb 001 0 eng d
010 _z 96068425
020 _z0803975163
020 _z0803975171
020 _z9780803975163
020 _z9780857022837 (e-book)
040 _aCaPaEBR
_cCaPaEBR
035 _a(OCoLC)607521742
050 1 4 _aGE105
_b.Y43 1996eb
082 0 4 _a363.7
_221
100 1 _aYearley, Steven.
245 1 0 _aSociology, environmentalism, globalization
_h[electronic resource] :
_breinventing the globe /
_cSteven Yearley.
260 _aLondon ;
_aThousand Oaks [Calif.] :
_bSAGE Publications,
_c1996.
300 _ax, 161 p.
504 _aIncludes bibliographical references (p. [152]-158) and index.
533 _aElectronic reproduction.
_bPalo Alto, Calif. :
_cebrary,
_d2013.
_nAvailable via World Wide Web.
_nAccess may be limited to ebrary affiliated libraries.
650 0 _aEnvironmentalism.
650 0 _aEnvironmental policy.
655 7 _aElectronic books.
_2local
710 2 _aebrary, Inc.
856 4 0 _uhttp://site.ebrary.com/lib/rucke/Doc?id=10369715
_zAn electronic book accessible through the World Wide Web; click to view
999 _c109563
_d109563